La profecía III : el conflicto final = The Final Conflict /

Trilogía cinematográfica sobre la infancia, adolescencia y edad adulta del Anticristo o hijo de Satán en forma humana: nacido a las seis de la mañana, del día 6, del mes seis, marca la llegada del Apocalipsis, en que el bien y el mal se enfrentan. Desde niño y conforme crece, es cada vez más evident...

Descripció completa

Guardat en:
Dades bibliogràfiques
Autor principal: Baker, Graham (realización)
Altres autors: Birkin, Andrew (guión) (guión), Paynter, Robert (fotógrafo) (fotógrafo), Meheux, Phil (fotógrafo) (fotógrafo), Strachan, Alan (montaje) (montaje), Goldsmith, Jerry (música) (música), Neill, Sam (actuación) (actuación), Brazzi, Rossano (actuación) (actuación), Gordon, Don (actuación) (actuación), Baker, Graham (comentarios) (comentarios)
Format: Diapositiva
Idioma:anglès
Publicat: Los Angeles, EUA : Twentieth Century Fox, 1981, c1981
Matèries:
Etiquetes: Afegir etiqueta
Sense etiquetes, Sigues el primer a etiquetar aquest registre!

MARC

LEADER 00000ngm^a2200000^a^4500
001 000300553
005 20250521000000.0
009 20260310112518.164
037 |a Acervo ITESO - Biblioteca 
041 |a ING 
082 |a 810.  |b PRO V. 3 
100 |a Baker, Graham  |e (realización) 
240 1 4 |a [La última profecía] 
240 1 4 |a [La profecía] 
245 1 3 |a La profecía III :  |b el conflicto final = The Final Conflict /  |c Realización de G. Baker. 
246 2 |a Título de exhibición cinematográfica en México: La última profecía 
246 2 |a Título en la pantalla: La última profecía 
264 4 |a Los Angeles, EUA :  |b Twentieth Century Fox,  |c 1981, c1981 
264 2 |a México :  |b Twentieth Century Fox [distribución],  |c 2006, c2006 
300 |a 1 DVD región 4  |c (108 min.) 
336 |a imagen móvil bidimensional  |b tdi  |2 rdacontenido 
337 |a video  |b v  |2 rdamedio 
338 |a videodisco  |b vd  |2 rdasoporte 
520 |a Trilogía cinematográfica sobre la infancia, adolescencia y edad adulta del Anticristo o hijo de Satán en forma humana: nacido a las seis de la mañana, del día 6, del mes seis, marca la llegada del Apocalipsis, en que el bien y el mal se enfrentan. Desde niño y conforme crece, es cada vez más evidente que no se trata de un infante cualquiera: elimina paulatinamente de su camino a quienes se le opongan, así sean sus padres adoptivos, amigos o amantes. Sólo un dedicado sacerdote, con la misión de destruirlo, se interpone entre el Anticristo y su deseo de llevar al mundo al borde del caos total. La realización de la tercera y última entrega de la saga corrió por cuenta de Graham Baker, para quien es el primer largometraje de su filmografía, si bien la compañía productora Twentieth Century Fox intentó revivir la serie y la popularidad de las sagas de terror a través del telefilme Omen IV: The Awakening (1991). 
520 |a Suplementos y características especiales (en inglés, sin subtítulos o traducción): 1) Opción de reproducir la película acompañada de un comentario de Baker y 2) Avances cinematográficos originales de La profecía (Richard Donner, 1976, 2 min.), Damien: la profecía II (Don Taylor, 1978, 3 min.) y La profecía 3: el conflicto final (Graham Baker, 1981, 2 min.). 
546 |a En inglés, con subtítulos opcionales: español, inglés, portugués 
546 |a Doblaje opcional: español, portugués 
649 |a XX 
650 |a Anticristo en el Cine 
650 |a Diablo en el Cine 
650 |a Jesucristo en el Cine 
650 |a Dios en el Cine 
650 |a Películas de Suspenso y Terror 
650 |a Dramas Cinematográficos 
650 |a Opera Prima 
650 |a Cine Norteamericano -  |y 1980-1989 
650 |a Posesión Demoníaca 
650 |a Satanismo 
650 |a Bien y Mal 
650 |a Profecías 
650 |a Lo Sobrenatural 
650 |a Segunda Venida 
650 |a Día del Juicio 
650 |a Fin del Mundo 
650 |a Biblia -  |x Nuevo Testamento -  |x Apocalipsis 
650 |a Cristianismo 
650 |a Religión 
700 |a Birkin, Andrew  |e (guión) 
700 |a Paynter, Robert  |e (fotógrafo) 
700 |a Meheux, Phil  |e (fotógrafo) 
700 |a Strachan, Alan  |e (montaje) 
700 |a Goldsmith, Jerry  |e (música) 
700 |a Neill, Sam  |e (actuación) 
700 |a Brazzi, Rossano  |e (actuación) 
700 |a Gordon, Don  |e (actuación) 
700 |a Baker, Graham  |e (comentarios) 
910 |a Fondo General 
920 |a Audiovisuales - DVDs 
940 |a Películas 
905 |a 302 
901 |a 0500184057  |b IT2  |c DVS  |i C116791  |u 20250521 
902 |a https://opac.biblio.iteso.mx/vufind/Record/000300553